Audítorstvo 2 praktikum

Gespeichert in:
Bibliographische Detailangaben
1. Verfasser: Kareš, Ladislav
Weitere Verfasser: Krišková, Petra, 1981-, Kicová, Marianna, Göghová, Tímea, Mázik, Ján, Maděra, František
Format: Buch
Sprache:Slowakisch
Veröffentlicht: Bratislava Iura Edition 2009
Schriftenreihe:Ekonómia
Schlagworte:
Tags: Tag hinzufügen
Keine Tags, Fügen Sie das erste Tag hinzu!

MARC

LEADER 00000nam a2200000 4500
001 0091616
005 20240502072025.1
020 |a 978-80-8078-247-4 
041 0 |a slo 
044 |a SK 
245 1 0 |a Audítorstvo 2  |b praktikum  |c Ladislav Kareš a kolektív 
264 1 |a Bratislava  |b Iura Edition  |c 2009 
300 |a 175 s. 
490 1 |a Ekonómia 
830 0 |a Ekonómia 
610 2 0 |a audítorstvo 
610 2 0 |a audítori 
610 2 0 |a výkazy účtovné 
610 2 0 |a štandardy audítorské medzinárodné 
610 2 0 |a metódy kontroly 
610 2 0 |a kontrola kvality 
100 1 |a Kareš, Ladislav 
700 1 |a Krišková, Petra, 1981- 
700 1 |a Kicová, Marianna 
700 1 |a Göghová, Tímea 
700 1 |a Mázik, Ján 
700 1 |a Maděra, František